The Royal Family Tree - Statistics

General Stats
  • This quiz has been taken 88 times
  • The average score is 37 of 52
Answer Stats
Hint Answer % Correct
1558 - 1603 Elizabeth I
96%
1625 - 1649 Charles I
90%
1660 - 1685 Charles II
90%
Sep 2022 - Today Charles III
90%
1952 - 2022 Elizabeth II
90%
1837 - 1901 Victoria
85%
1483 Edward V
83%
1547 - 1553 Edward VI
83%
1714 - 1727 George I
83%
1727 - 1760 George II
83%
1760 - 1820 George III
83%
1910 - 1936 George V
83%
1936 - 1952 George VI
83%
1272 - 1307 Edward I
82%
1307 - 1327 Edward II
82%
1327 - 1377 Edward III
82%
1461 - 1470 Edward IV
82%
1471 - 1483 Edward IV
82%
1820 - 1830 George IV
82%
1901 - 1910 Edward VII
80%
1936 Edward VIII
80%
1100 - 1135 Henry I
80%
1154 - 1189 Henry II
80%
1413 - 1422 Henry V
80%
1066 - 1087 William I
80%
1216 - 1272 Henry III
79%
1422 - 1461 Henry VI
79%
1470 - 1471 Henry VI
79%
1485 - 1509 Henry VII
79%
1509 - 1547 Henry VIII
79%
1087 - 1100 William II
79%
1399 - 1413 Henry IV
77%
1689 - 1702 William III
76%
1830 - 1837 William IV
75%
1553 - 1558 Mary I
73%
1603 - 1625 James I
72%
1685 - 1688 James II
70%
1689 - 1694 Mary II
70%
1189 - 1199 Richard I
70%
1483 - 1485 Richard III
70%
1702 - 1714 Anne
69%
1199 - 1216 John
66%
1377 - 1399 Richard II
63%
1135 - 1154 Stephen
55%
1553 Jane
52%
1653 - 1658 Oliver Cromwell
51%
Jan 1066- Oct 1066 Harold Godwinson
35%
1042 - 1066 Edward the Confessor
27%
1658 - 1659 Richard Cromwell
27%
1035 - 1040 Harold I
18%
1016 - 1035 Canute
15%
1040 - 1042 Harthacanute
3%
No matching quizzes found
Score Distribution
Percent of People with Each Score
Percentile by Number Answered
Your Score History
You have not taken this quiz